=LDR 00000nam 2200000 4500 =001 INLIS000000000002239 =005 20130612090608 =008 ***********************************Ind** =035 ##$$0010-061300000002239 =041 ##$$a Ind =082 ##$$a 813.01 =090 ##$$a 813.01, Tam m =100 ##$$a Tamba, Arie MP =245 ##$$a Mengiring mona, arie MP Tamba =260 ##$$a 1993 $b Jakarta =300 ##$$a 111, 186 hlm, 18 cm =650 ##$$a Cerita pendek Indonesia =850 ##$$a NBPNMAT